[Event "Sardegna Region-ch"]
[Site "Sardara"]
[Date "2010.04.25"]
[Round "7"]
[White "Setzu, Francesco"]
[Black "Peru, Mario"]
[Result "0-1"]
[WhiteElo "1760"]
[BlackElo "1659"]
[PlyCount "42"]
[EventDate "2010.04.17"]
[EventType "swiss"]
[EventRounds "8"]
[EventCountry "ITA"]
[SourceTitle "EXT 2024"]
[Source "ChessBase"]
[SourceDate "2023.10.10"]
[SourceVersion "1"]
[SourceVersionDate "2023.10.10"]
[SourceQuality "1"]

1. d4 Nf6 2. Nf3 g6 3. Nbd2 Bg7 4. e4 0-0 5. Bd3 d5 6. e5 Nfd7 7. 0-0 c5 8. c3 Nc6 9. Re1 e6 10. Nf1 cxd4 11. cxd4 Qb6 12. Bc2 f5 13. g3 Qd8 14. Ng5 Nb6 15. b3 Bd7 16. Ba3 Qxg5 17. Bxf8 Bxf8 18. f4 Qd8 19. a3 Rc8 20. Qd3 Nxd4 21. Qxd4 Bc5 0-1